Use of information technologies in tourism

Význam informačných a komunikačných technológií v cestovnom ruchu. Možnosti ich aplikácie pre cestovný ruch. Nevýhody spojené s ich realizáciou. Prezentácia výsledkov prieskumu využívania informačných technológií v malých a stredných podnikoch cestovného ruchu na Slovensku.

Guardado en:
Detalles Bibliográficos
Autor principal: Kršák, Branislav
Otros Autores: Miženková, Zuzana, Madarasová, Viera
Formato: Capítulo de libro
Lenguaje:inglés
Materias:
Etiquetas: Agregar Etiqueta
Sin Etiquetas, Sea el primero en etiquetar este registro!

MARC

LEADER 00000nla$a2200000$$$4500
001 0129999
005 20221128131757.7
041 0 |a eng 
044 |a SK 
245 1 0 |a Use of information technologies in tourism  |c Branislav Kršák, Zuzana Miženková, Viera Madarasová 
520 |a Význam informačných a komunikačných technológií v cestovnom ruchu. Možnosti ich aplikácie pre cestovný ruch. Nevýhody spojené s ich realizáciou. Prezentácia výsledkov prieskumu využívania informačných technológií v malých a stredných podnikoch cestovného ruchu na Slovensku. 
610 2 0 |a ruch cestovný 
610 2 0 |a podnik malý 
610 2 0 |a podnik stredný 
610 2 0 |a technológie informačné 
610 2 0 |a technológie komunikačné 
100 1 |a Kršák, Branislav 
700 1 |a Miženková, Zuzana 
700 1 |a Madarasová, Viera